Pokémon - Les attaques de Moumouflon - Statistiques

Statistiques générales
  • Ce quiz a été pris 16 fois
  • Le résultat moyen est 8 sur 13
Statistiques - réponses
Niveaux Types Noms des coups % Correct
Départ Normal Charge
100%
Départ Normal Rugissement
100%
Niveau 27 Normal Bélier
88%
Niveau 44 Plante Cotogarde
88%
Niveau 16 Combat Double Pied
88%
Départ Normal Boul'Armure
75%
Niveau 50 Normal Damoclès
75%
Niveau 21 Normal Coup d'Boule
63%
Niveau 38 Combat Contre
50%
Niveau 56 Normal Dernier Recours
25%
Niveau 12 Psy Partage Garde
13%
Niveau 32 Psy Permugarde
0%
Départ Normal Photocopie
0%
Aucun quiz correspondant
Distribution des résultats
% des personnes avec chaque résultat
Percentile par nombre de réponses
Votre historique - résultats
Vous n’avez pas pris ce quiz